书目信息 |
| 题名: |
CD、LD、VCD机维修
|
|
| 作者: | 陈利永 , 陈菁 编著 | |
| 分册: | ||
| 出版信息: | 福州 福建科学技术出版社 1999.02 |
|
| 页数: | 266页 | |
| 开本: | 16开 | |
| 丛书名: | ||
| 单 册: | ||
| 中图分类: | TN946.57 | |
| 科图分类: | ||
| 主题词: | 录象系统 | |
| 电子资源: | ||
| ISBN: | 7-5335-1333-9 | |
| 000 | 00601nam0 2200205 45 | |
| 001 | 0007310833 | |
| 005 | 20000731084334.6 | |
| 010 | @a7-5335-1333-9@d20.00元 | |
| 100 | @a20000731d1999 km y0chiy0120 ea | |
| 101 | 0 | @achi |
| 105 | @a z 000yy | |
| 200 | 1 | @aCD、LD、VCD机维修@ACD、LD、VCD Ji Wei Xiu@f陈利永,陈菁编著@FChen Li Yong,Chen Jing Bian Zhu |
| 210 | @a福州@c福建科学技术出版社@d1999.02 | |
| 215 | @a266页@d16开 | |
| 606 | 0 | @a录象系统 |
| 690 | @aTN946.57@v3 | |
| 701 | 0 | @a陈利永@4编著 |
| 701 | 0 | @a陈菁@4编著 |
| 801 | @aCN@bPftUser@c20000731 | |
| 905 | @b83823-825@dTN946.57@eCH459@f3 | |
| CD、LD、VCD机维修/陈利永,陈菁编著.-福州:福建科学技术出版社,1999.02 |
| 266页;16开 |
| ISBN 7-5335-1333-9:20.00元 |
| ● |
| 相关链接 |
|
|
|
正题名:CD、LD、VCD机维修
索取号:TN946.57/CH459
 
预约/预借
| 序号 | 登录号 | 条形码 | 馆藏地/架位号 | 状态 | 备注 |
| 1 | 83823 | 200838237 | 自科二线404/404自科库 22排3列2层/ [索取号:TN946.57/CH459] | 在馆 | |
| 2 | 83824 | 200838246 | 自科二线404/ [索取号:TN946.57/CH459] | 在馆 | |
| 3 | 83825 | 200838255 | 自科二线404/404自科库 22排3列2层/ [索取号:TN946.57/CH459] | 在馆 |